<?xml version="1.0" encoding="UTF-8"?>
<record
    xmlns:xsi="http://www.w3.org/2001/XMLSchema-instance"
    xsi:schemaLocation="http://www.loc.gov/MARC21/slim http://www.loc.gov/standards/marcxml/schema/MARC21slim.xsd"
    xmlns="http://www.loc.gov/MARC21/slim">

  <leader>02845cam a2200349 a 4500</leader>
  <controlfield tag="003">EG-GiCUC</controlfield>
  <controlfield tag="005">20250223031102.0</controlfield>
  <controlfield tag="008">141102s2013    ua dh  f m    000 0 eng d</controlfield>
  <datafield tag="040" ind1=" " ind2=" ">
    <subfield code="a">EG-GiCUC</subfield>
    <subfield code="b">eng</subfield>
    <subfield code="c">EG-GiCUC</subfield>
  </datafield>
  <datafield tag="041" ind1="0" ind2=" ">
    <subfield code="a">eng</subfield>
  </datafield>
  <datafield tag="049" ind1=" " ind2=" ">
    <subfield code="a">Deposite </subfield>
  </datafield>
  <datafield tag="097" ind1=" " ind2=" ">
    <subfield code="a">Ph.D</subfield>
  </datafield>
  <datafield tag="099" ind1=" " ind2=" ">
    <subfield code="a">Cai01.24.12.Ph.D.2013.Sa.S</subfield>
  </datafield>
  <datafield tag="100" ind1="0" ind2=" ">
    <subfield code="a">Samah Mohamed Hamdy Ahmed </subfield>
  </datafield>
  <datafield tag="245" ind1="1" ind2="0">
    <subfield code="a">Spectroscopic study of Eu-doped nano semiconductors prepared by laser ablation or RF sputtering / </subfield>
    <subfield code="c">Samah Mohamed Hamdy Ahmed ; Supervised Mostafa Elsayed , Lotfia Elnadi , Yahia Badr  </subfield>
  </datafield>
  <datafield tag="246" ind1="1" ind2="5">
    <subfield code="a">&#x62F;&#x631;&#x627;&#x633;&#x629; &#x637;&#x64A;&#x641;&#x64A;&#x629; &#x644;&#x627;&#x634;&#x62A;&#x628;&#x627;&#x647; &#x627;&#x644;&#x645;&#x648;&#x635;&#x644;&#x627;&#x62A; &#x627;&#x644;&#x646;&#x627;&#x646;&#x648;&#x645;&#x62A;&#x631;&#x64A;&#x629; &#x648;&#x627;&#x644;&#x645;&#x634;&#x627;&#x628;&#x629; &#x628;&#x627;&#x644;&#x64A;&#x648;&#x631;&#x627;&#x628;&#x64A;&#x648;&#x645; &#x648;&#x627;&#x644;&#x645;&#x62D;&#x636;&#x631;&#x629; &#x628;&#x637;&#x631;&#x64A;&#x642;&#x629; &#x627;&#x644;&#x644;&#x64A;&#x632;&#x631; &#x627;&#x644;&#x627;&#x642;&#x62A;&#x644;&#x627;&#x639;&#x649; &#x623;&#x648; &#x627;&#x644;&#x62A;&#x637;&#x627;&#x64A;&#x631; &#x628;&#x648;&#x627;&#x633;&#x637;&#x629; &#x645;&#x648;&#x62C;&#x627;&#x62A; &#x627;&#x644;&#x631;&#x627;&#x62F;&#x64A;&#x648;</subfield>
  </datafield>
  <datafield tag="260" ind1=" " ind2=" ">
    <subfield code="a">Cairo : </subfield>
    <subfield code="b">Samah Mohamed Hamdy Ahmed , </subfield>
    <subfield code="c">2013</subfield>
  </datafield>
  <datafield tag="300" ind1=" " ind2=" ">
    <subfield code="a">170 P. : </subfield>
    <subfield code="b">charts , facsimiles ; </subfield>
    <subfield code="c">25cm</subfield>
  </datafield>
  <datafield tag="502" ind1=" " ind2=" ">
    <subfield code="a">Thesis (Ph.D.) - Cairo University - National Institute of Laser Enhanced Sciences - Department of Laser Science and  Interaction </subfield>
  </datafield>
  <datafield tag="520" ind1=" " ind2=" ">
    <subfield code="a">Rare-earth-doped wide-bandgap semiconductors are an interesting class of inorganic luminescent materials with complex optical properties and widespread potential applications in optoelectronics. Undoped and Eu-doped GaN powders have been synthesized by the co-precipitation method followed by nitridation at high temperature. The X-ray diffraction (XRD) patterns reveal the single-phase wurtzite structure of the synthesized undoped and Eu-doped GaN powders. The morphology of the samples was examined by the field emission scanning electron microscope (FE-SEM) and the high resolution transmission electron microscope (HR-TEM), and it was shown that the micron-sized particles are composed of agglomerated nano-crystallites. This agglomeration may be due to the absence of any surfactant during the preparation. Under above bandgap excitation, the room-temperature photoluminescence (PL) of both samples show the characteristic GaN band-edge emission peak at 363 nm, as well as a broad defect-related emission band centered at around 415 nm. The Eu-doped GaN sample, under below bandgap excitation at 464 nm, exhibited red emission peaks at 593 nm and 616 nm, corresponding to the &#x2075;D&#x2080; {u2192} &#x2077;F&#x2081; and  &#x2075;D&#x2080; {u2192} &#x2077;F&#x2082; transitions, respectively, within the 4f-shell of Eu&#xB3;&#x207A; ions ions                                                                 </subfield>
  </datafield>
  <datafield tag="530" ind1=" " ind2=" ">
    <subfield code="a">Issued also as CD</subfield>
  </datafield>
  <datafield tag="653" ind1=" " ind2="4">
    <subfield code="a">Rare-earth ions </subfield>
  </datafield>
  <datafield tag="653" ind1=" " ind2="4">
    <subfield code="a">Semiconductors </subfield>
  </datafield>
  <datafield tag="653" ind1=" " ind2="4">
    <subfield code="a">Zinc oxide</subfield>
  </datafield>
  <datafield tag="700" ind1="0" ind2=" ">
    <subfield code="a">Lotfia Elnadi , </subfield>
    <subfield code="e">Supervisor</subfield>
  </datafield>
  <datafield tag="700" ind1="0" ind2=" ">
    <subfield code="a">Mostafa Elsayed , </subfield>
    <subfield code="e">Supervisor</subfield>
  </datafield>
  <datafield tag="700" ind1="0" ind2=" ">
    <subfield code="a">Yahia Badr , </subfield>
    <subfield code="e">Supervisor</subfield>
  </datafield>
  <datafield tag="856" ind1=" " ind2=" ">
    <subfield code="u">http://172.23.153.220/th.pdf</subfield>
  </datafield>
  <datafield tag="905" ind1=" " ind2=" ">
    <subfield code="a">Aml</subfield>
    <subfield code="e">Cataloger</subfield>
  </datafield>
  <datafield tag="905" ind1=" " ind2=" ">
    <subfield code="a">Nazla</subfield>
    <subfield code="e">Revisor</subfield>
  </datafield>
  <datafield tag="942" ind1=" " ind2=" ">
    <subfield code="2">ddc</subfield>
    <subfield code="c">TH</subfield>
  </datafield>
  <datafield tag="999" ind1=" " ind2=" ">
    <subfield code="c">48088</subfield>
    <subfield code="d">48088</subfield>
  </datafield>
  <datafield tag="952" ind1=" " ind2=" ">
    <subfield code="2">ddc</subfield>
    <subfield code="7">0</subfield>
    <subfield code="a">CUCL</subfield>
    <subfield code="b">cl210</subfield>
    <subfield code="d">2024-02-11</subfield>
    <subfield code="o">Cai01.24.12.Ph.D.2013.Sa.S</subfield>
    <subfield code="p">01010110063855000</subfield>
    <subfield code="r">2023-09-22 00:00:00</subfield>
    <subfield code="y">TH</subfield>
  </datafield>
  <datafield tag="952" ind1=" " ind2=" ">
    <subfield code="2">ddc</subfield>
    <subfield code="7">0</subfield>
    <subfield code="a">CUCL</subfield>
    <subfield code="b">cl2u8</subfield>
    <subfield code="d">2024-02-11</subfield>
    <subfield code="o">Cai01.24.12.Ph.D.2013.Sa.S</subfield>
    <subfield code="p">01020110063855000</subfield>
    <subfield code="r">2023-09-22 00:00:00</subfield>
    <subfield code="t">63855.CD     </subfield>
    <subfield code="y">CD</subfield>
  </datafield>
</record>
